000 00736nam a22002417a 4500
003 UA-OsUOA
001 47030
007 ta
008 20120530b un ||||| |||| 00| 0 ukr d
100 _aВойчишин Ю.
090 _a82
_bВ65
942 _cBK
040 _aUA-OsUOA
_bukr
_cUA-OsUOA
_dUA-OsUOA
245 _aІван Багряний. Літературно-бібліографічна студія.
300 _a86 с.
955 _a1
041 _aukr
080 _a82
260 _aВінніпег
_c1968
650 7 _a82 Література. Літературознавство
_2UDC
999 _c427138
_d427138